| 000 | 00941nam a22002297a 4500 | ||
|---|---|---|---|
| 003 | BD-DhUL | ||
| 005 | 20220626125113.0 | ||
| 008 | 220613s2022 bg a|||| b||| 00| 0 ben | ||
| 020 | _a9789849630104 (hbk) | ||
| 040 |
_aBD-DhUL _cBD-DhUL |
||
| 082 |
_a320.95492 _bKHS |
||
| 100 | 1 | _aখান, আবু সাঈদ | |
| 245 | 0 | 0 |
_aস্লোগানে স্লোগানে রাজনীতি / _cআবু সাঈদ খান । |
| 250 | _aবর্ধিত সংস্ক. | ||
| 260 |
_aঢাকা : _bপাঠক সমাবেশ, _c২০২২ । |
||
| 300 |
_a২২১ পৃ. : _bচিত্র ; _c২২ সেমি. |
||
| 365 |
_aBDT _b495.00 |
||
| 504 | _aগ্রন্থপঞ্জিগত তথ্য সংবলিত । | ||
| 650 | 4 |
_aবাংলাদেশ _xরাজনীতি ও সরকার । |
|
| 650 | 4 |
_aBangladesh _xPolitics and government. |
|
| 942 |
_2ddc _cBK |
||
| 999 |
_c256287 _d256287 |
||